000 01483nam a2200325 c 4500
999 _c90122
_d90122
003 BLK
005 20201019135234.0
008 180408b bul|||||r ||||||| ||bul||
010 _aKNG00094849000
040 _aBLK
041 _aFRE
_cFRE
072 7 _2bullib
_aЦ
_xРедки и ценни
080 _aОбщи енциклопедии. Енциклопедични речници. Научни справочници. Отраслови енциклопедии и справочници се класират в съответните отдели с определител за форма
_b03
_z03
100 1 _aLarousse, Pierre
_eпърви автор
_916511
139 _aLarousse, Pierre
_bL 32
245 1 0 _aGrand dictionnaire universel du XIXe siecle
_bFrancais, histirique, geographoque, biographique, mythologique, bibliographique, litteraire, artistique, scientifique, etc. : T. 1 -
_cPierre Larousse.
_nT. 9
_pH - K
257 _aFRA
260 _aParis
_bAdmin. du grand dictionnaire universel
_c1865 -
300 _c32 см
380 _a0
490 _9435080
_aКолекция Редки и ценни издания
650 4 _aЕнциклопедии
_9154961
653 _aенциклопедии
659 _aЦ
760 1 _aLarousse, Pierre
_d1870
_h1 283 с., ХІ : и ил.
_nСъдържа Index alphabetique des articles nouveaux et des additions.
_tT. 9 H - K
852 _aРф 866
_bРц
856 4 _qpdf
856 4 _qpdf
942 _cKNG
_n0
_s1
944 _aCR
_c16.03.2010
_kНаталия_Медовщикова
944 _aED
_c03.08.2012
999 _d90122